[Event "Torneo FreeTUR"]
[Site "Torino ITA"]
[Date "2007.12.11"]
[Round "6"]
[White "Pitrola, Carlo"]
[Black "Abbura', Davide"]
[Result "1/2-1/2"]
[WhiteElo "1602"]
[BlackElo "1697"]
[PlyCount "39"]
[EventDate "2007.11.06"]

1. d4 d5 2. c4 e6 3. Nc3 Nf6 4. Bg5 Nbd7 5. Nf3 Be7 6. e3 O-O 7. Bd3 a6 8. a4
c6 9. O-O Nh5 10. Bxe7 Qxe7 11. Nd2 Nhf6 12. e4 dxe4 13. Ndxe4 Nxe4 14. Nxe4
Nf6 15. Nc3 c5 16. d5 exd5 17. Re1 Qd6 18. cxd5 Ng4 19. g3 Qh6 20. h4 1/2-1/2

[Event "Torneo FreeTUR"]
[Site "Torino ITA"]
[Date "2007.12.11"]
[Round "6"]
[White "Tallarico, Pierfrancesco"]
[Black "Malano, Francesco"]
[Result "1-0"]
[WhiteElo "1518"]
[BlackElo "1967"]
[PlyCount "59"]
[EventDate "2007.11.06"]

1. d4 d5 2. Bf4 Nf6 3. e3 e6 4. Nf3 Nbd7 5. Nbd2 Be7 6. Bd3 c5 7. c3 O-O 8. Ne5
Nxe5 9. dxe5 Nd7 10. Qh5 g6 11. Qh6 Re8 12. Nf3 Bf8 13. Qh3 f6 14. exf6 Nxf6
15. Ne5 Bg7 16. Bg5 Qb6 17. Rb1 Qa5 18. O-O Ne4 19. Bxe4 Bxe5 20. Bd3 Bg7 21.
Qh4 Bd7 22. f4 Bb5 23. Bxb5 Qxb5 24. Rf3 Qd3 25. Rbf1 Qd2 26. Rh3 Qxb2 27.
Qxh7+ Kf7 28. Bh6 Qxc3 29. Rg3 Qf6 30. f5 1-0

[Event "XII Weekend C"]
[Site "Gorgonzola ITA"]
[Date "2007.11.10"]
[Round "1"]
[White "Bianchi, Paolo"]
[Black "Robustelli, Davide"]
[Result "1/2-1/2"]
[WhiteElo "1619"]
[BlackElo "1532"]
[PlyCount "146"]
[EventDate "2007.11.10"]

1. d4 d5 2. Nf3 c6 3. e3 Nf6 4. c4 g6 5. b3 Bg7 6. Bb2 O-O 7. Be2 Re8 8. O-O
Nbd7 9. Nc3 Qc7 10. Rc1 Ng4 11. cxd5 e5 12. dxe6 Rxe6 13. h3 Ngf6 14. Ng5 Re8
15. Bc4 Rf8 16. Bxf7+ Rxf7 17. Nxf7 Kxf7 18. Qf3 Qa5 19. a3 Qh5 20. Qxh5 Nxh5
21. Ne4 Ke7 22. a4 Nb6 23. Ba3+ Kd7 24. Nc5+ Ke8 25. Ne4 Bd7 26. Nd6+ Kd8 27.
Nxb7+ Kc7 28. Nc5 Bf8 29. Nxd7 Bxa3 30. Nxb6 axb6 31. Rc4 Kd7 32. Ra1 Be7 33.
Rac1 Rc8 34. b4 Nf6 35. b5 c5 36. dxc5 Bxc5 37. a5 Rc7 38. axb6 Bxb6 39. Rxc7+
Bxc7 40. Ra1 Nd5 41. Rd1 Ke6 42. Rc1 Kd7 43. Rd1 Ke6 44. Rc1 Kd6 45. g4 Ba5 46.
Kg2 Nc3 47. Ra1 Bd8 48. Ra8 Kd7 49. Ra7+ Ke6 50. Rxh7 Nxb5 51. Rb7 Nd6 52. Ra7
Nc4 53. Ra6+ Kf7 54. Rc6 Ne5 55. Ra6 Nc4 56. Ra4 Nb6 57. Ra7+ Be7 58. f4 Nc8
59. Rc7 Nd6 60. h4 Kf8 61. h5 gxh5 62. gxh5 Ne8 63. Rc8 Kf7 64. Ra8 Nf6 65. Ra5
Bd8 66. Rb5 Kg7 67. Kf3 Kh6 68. Rf5 Nxh5 69. Rf8 Be7 70. Rh8+ Kg6 71. f5+ Kg5
72. Rxh5+ Kxh5 73. e4 Bf6 1/2-1/2

[Event "XII Weekend C"]
[Site "Gorgonzola ITA"]
[Date "2007.11.10"]
[Round "1"]
[White "Brighenti, Alessandro"]
[Black "Delle Fave, Fabio"]
[Result "0-1"]
[WhiteElo "1614"]
[BlackElo "1748"]
[PlyCount "94"]
[EventDate "2007.11.10"]

1. e4 c6 2. d4 d5 3. Nc3 dxe4 4. Nxe4 Bf5 5. Ng3 Bg6 6. Nf3 Nd7 7. h4 h6 8. h5
Bh7 9. Bd3 Bxd3 10. Qxd3 Ngf6 11. Bf4 e6 12. O-O-O Qa5 13. Kb1 Nd5 14. Bd2 Nb4
15. Qb3 Qb6 16. c4 Na6 17. Qa4 Bb4 18. Bf4 Be7 19. Ne4 Nf6 20. Nxf6+ Bxf6 21.
Ne5 Rd8 22. c5 Qb4 23. Qxb4 Nxb4 24. Bd2 Rxd4 25. Bc3 Rxd1+ 26. Rxd1 Nd5 27.
Bd4 Ke7 28. g3 Rd8 29. f4 Bxe5 30. Bxe5 Nc3+ 31. Bxc3 Rxd1+ 32. Kc2 Rd5 33. b4
Rxh5 34. Bxg7 Rh2+ 35. Kb3 h5 36. Be5 Rg2 37. f5 exf5 38. Bf4 Rf2 39. Bd6+ Kd7
40. a4 a6 41. a5 Rd2 42. Bf4 Rd4 43. Be5 Re4 44. Bf6 Re3+ 45. Kc2 Rxg3 46. Kd2
Ke6 47. Bd8 Rb3 0-1

[Event "XII Weekend C"]
[Site "Gorgonzola ITA"]
[Date "2007.11.10"]
[Round "1"]
[White "Calvi, Luca"]
[Black "Marchesotti, Giovanni"]
[Result "1/2-1/2"]
[WhiteElo "1557"]
[BlackElo "1668"]
[PlyCount "74"]
[EventDate "2007.11.10"]

1. d4 Nf6 2. c4 e6 3. Nc3 Bb4 4. e3 b6 5. Nge2 Ba6 6. a3 Bxc3+ 7. Nxc3 d5 8.
Be2 O-O 9. O-O Nbd7 10. b4 Bxc4 11. Bxc4 dxc4 12. Qc2 c5 13. bxc5 bxc5 14. dxc5
Nxc5 15. Ne2 Nb3 16. Rb1 Nxc1 17. Rfxc1 Qa5 18. a4 Rac8 19. Rb5 Qa6 20. Rcb1
Rfd8 21. Nc3 Nd5 22. Ne4 Qc6 23. Rb7 Rc7 24. Rb8 Rxb8 25. Rxb8+ Rc8 26. Rxc8+
Qxc8 27. Nd6 Qc6 28. Nxc4 Nb6 29. Na3 Qxc2 30. Nxc2 Nxa4 31. Kf1 Kf8 32. Ke2
Nc5 33. Kd2 Ke7 34. f3 Kd6 35. Kc3 a6 36. Na3 f6 37. h4 Kd5 1/2-1/2

[Event "XII Weekend C"]
[Site "Gorgonzola ITA"]
[Date "2007.11.10"]
[Round "1"]
[White "Crippa, Oscar"]
[Black "Magistroni, Imerio"]
[Result "1/2-1/2"]
[WhiteElo "1727"]
[BlackElo "1597"]
[PlyCount "78"]
[EventDate "2007.11.10"]

1. e4 e5 2. Nf3 Nc6 3. d4 exd4 4. Nxd4 Bc5 5. Be3 Qf6 6. c3 Nge7 7. Bc4 Na5 8.
Be2 Bb6 9. Nd2 d6 10. a4 a6 11. b4 Nac6 12. N2f3 h6 13. h3 Bd7 14. Nh2 O-O 15.
Qd2 Qg6 16. Bf3 Ne5 17. a5 Ba7 18. O-O-O Ba4 19. Rde1 c5 20. Ne2 cxb4 21. Bxa7
Rxa7 22. Nf4 Qf6 23. Nd5 Nxd5 24. Qxd5 Rc8 25. Kb1 Rc5 26. Qd4 Ra8 27. cxb4 Rc4
28. Qd2 Nc6 29. Rc1 Rxb4+ 30. Ka2 Rd4 31. Qb2 Qe6+ 32. Ka1 Nxa5 33. Rhd1 Bxd1
34. Bxd1 Rxe4 35. Nf3 Qf6 36. Qxf6 gxf6 37. Rc7 Rb8 38. Kb2 Nc6 39. Rd7 Rb4+
1/2-1/2

[Event "XII Weekend C"]
[Site "Gorgonzola ITA"]
[Date "2007.11.10"]
[Round "1"]
[White "De Angelis, Lorenzo"]
[Black "Basilico, Davide"]
[Result "0-1"]
[WhiteElo "1583"]
[BlackElo "1698"]
[PlyCount "122"]
[EventDate "2007.11.10"]

1. e4 e5 2. Nf3 Nc6 3. d4 exd4 4. Nxd4 Qf6 5. Be3 Bc5 6. c3 Nge7 7. Nc2 Bxe3 8.
Nxe3 O-O 9. Nd2 Re8 10. Qf3 Qxf3 11. Nxf3 Ng6 12. Bc4 Nce5 13. Bb3 Nd3+ 14. Ke2
Ngf4+ 15. Kf1 Nxb2 16. Ng5 Rf8 17. Nxf7 Rxf7 18. Bxf7+ Kxf7 19. a4 b6 20. g3
Ba6+ 21. Ke1 Nfd3+ 22. Kd2 Nxf2 23. Rhf1 Bxf1 24. Rxf1 Nxa4 25. Rxf2+ Kg8 26.
Nd5 Re8 27. Rf4 c6 28. Nb4 Nc5 29. Ke3 a5 30. Nc2 d5 31. Nd4 Rxe4+ 32. Rxe4
Nxe4 33. Nxc6 Nxc3 34. Kd3 Na4 35. Ne7+ Kf7 36. Nxd5 Ke6 37. Nf4+ Kd6 38. Kc4
g5 39. Nd3 Nc5 40. Nf2 Kc6 41. Ng4 b5+ 42. Kc3 Ne6 43. Ne5+ Kd5 44. Nd7 b4+ 45.
Kb2 Nc5 46. Nf6+ Kc4 47. Nxh7 Nd3+ 48. Kb1 g4 49. Nf6 Nf2 50. Nd7 b3 51. Nb6+
Kb5 52. Nd5 a4 53. Kb2 Nd1+ 54. Ka3 b2 55. Ka2 Kc5 56. Nf6 a3 57. Ne4+ Kd4 58.
Nd2 Nc3+ 59. Kxa3 b1=Q 60. Nxb1 Nxb1+ 61. Kb2 Ke3 0-1

[Event "XII Weekend C"]
[Site "Gorgonzola ITA"]
[Date "2007.11.10"]
[Round "1"]
[White "Epitome, Nando"]
[Black "Riva, Carlo"]
[Result "1-0"]
[WhiteElo "1673"]
[BlackElo "1571"]
[PlyCount "56"]
[EventDate "2007.11.10"]

1. d4 d5 2. c4 c6 3. Nc3 Bf5 4. Nf3 e6 5. cxd5 exd5 6. a3 Nd7 7. Bf4 Ngf6 8. h3
h6 9. e3 Nb6 10. Be2 Bd6 11. Ne5 Bxe5 12. Bxe5 Nbd7 13. Bh2 O-O 14. O-O Ne4 15.
Rc1 Ndf6 16. f3 Nd6 17. Qb3 Rb8 18. Qb4 Nfe8 19. e4 dxe4 20. fxe4 Bxe4 21. Nxe4
Nxe4 22. Bxb8 Qxb8 23. Rxc6 N8f6 24. Rc2 Nd5 25. Qb3 Nef6 26. Bf3 b6 27. Re1
Qf4 28. Qd3 Qg3 1-0

[Event "XII Weekend C"]
[Site "Gorgonzola ITA"]
[Date "2007.11.10"]
[Round "1"]
[White "Menato, Nazario"]
[Black "Madaschi, Sergio"]
[Result "0-1"]
[WhiteElo "1535"]
[BlackElo "1632"]
[PlyCount "104"]
[EventDate "2007.11.10"]

1. Nf3 Nf6 2. g3 g6 3. Bg2 Bg7 4. d3 O-O 5. O-O c5 6. e4 d6 7. Nbd2 Nc6 8. Re1
Qc7 9. a4 Bd7 10. c3 a6 11. Nc4 b5 12. Ne3 e6 13. h3 bxa4 14. Rxa4 Ne5 15. Ra3
Nxf3+ 16. Bxf3 Bc6 17. Nc4 Ra7 18. Be3 a5 19. Qd2 Bb5 20. Rea1 a4 21. e5 dxe5
22. Re1 Rd8 23. Qc2 Nd5 24. Bg5 Rd7 25. Nd2 h6 26. Be3 Nxe3 27. Rxe3 h5 28. Ne4
Rd8 29. c4 Be8 30. Nc3 Qa5 31. Ne4 Bh6 32. Nf6+ Kh8 33. Rxe5 Bg7 34. Qc1 Bxf6
35. Qh6+ Kg8 36. Re3 Bxb2 37. Ra2 Bc1 38. Kg2 Bxe3 39. Qxe3 a3 40. Qg5 Rxd3 41.
Bxh5 Kh7 42. Bf3 Rb3 43. Rd2 Rd7 44. Rxd7 Bxd7 45. Qe7 Rxf3 46. Kxf3 Bc6+ 47.
Kg4 Kg7 48. Kg5 Qd2+ 49. f4 Qd4 50. Qa7 Qxc4 51. Qxa3 Qd5+ 52. Kg4 Qh5# 0-1

[Event "XII Weekend C"]
[Site "Gorgonzola ITA"]
[Date "2007.11.10"]
[Round "1"]
[White "Valsecchi, Luca"]
[Black "Nastasi, Maurizio"]
[Result "1-0"]
[WhiteElo "1652"]
[BlackElo "1533"]
[PlyCount "37"]
[EventDate "2007.11.10"]

1. c4 Nf6 2. g3 g6 3. Bg2 Bg7 4. Nc3 d6 5. d3 O-O 6. e4 Nc6 7. Nge2 e5 8. O-O
Bd7 9. h3 Ne8 10. f4 f5 11. exf5 Bxf5 12. fxe5 Nxe5 13. d4 Nxc4 14. Bd5+ Kh8
15. Bxc4 Bxh3 16. Rxf8+ Bxf8 17. Nf4 Qg5 18. Qf3 Bd7 19. Nxg6+ 1-0

[Event "XII Weekend C"]
[Site "Gorgonzola ITA"]
[Date "2007.11.11"]
[Round "2"]
[White "Basilico, Davide"]
[Black "Valsecchi, Luca"]
[Result "1/2-1/2"]
[WhiteElo "1698"]
[BlackElo "1652"]
[PlyCount "41"]
[EventDate "2007.11.10"]

1. e4 d6 2. d4 Nf6 3. Nc3 c6 4. Nf3 Bg4 5. Be2 e6 6. O-O d5 7. e5 Nfd7 8. Ne1
Bxe2 9. Nxe2 c5 10. c3 Nc6 11. f4 g6 12. Nf3 Qb6 13. b3 cxd4 14. Nfxd4 Rc8 15.
Be3 Nxd4 16. Bxd4 Bc5 17. Rc1 Bxd4+ 18. Qxd4 Qxd4+ 19. cxd4 Ke7 20. g4 Nb6 21.
Ng3 1/2-1/2

[Event "XII Weekend C"]
[Site "Gorgonzola ITA"]
[Date "2007.11.11"]
[Round "2"]
[White "Calvi, Luca"]
[Black "Bianchi, Paolo"]
[Result "0-1"]
[WhiteElo "1557"]
[BlackElo "1619"]
[PlyCount "126"]
[EventDate "2007.11.10"]

1. d4 Nf6 2. c4 g6 3. Nc3 d5 4. h4 h5 5. Bf4 Bg7 6. Qd2 c6 7. Nf3 Bf5 8. Be5
Nbd7 9. cxd5 Nxe5 10. dxe5 Nxd5 11. e4 Nb4 12. Qxd8+ Rxd8 13. Rc1 Be6 14. a3
Nd3+ 15. Bxd3 Rxd3 16. Na4 Bc8 17. Nc5 Rd8 18. O-O O-O 19. Rfd1 b6 20. Nd3 c5
21. Nf4 e6 22. b4 cxb4 23. axb4 Bb7 24. Re1 Rc8 25. Rcd1 Rfd8 26. Rd6 Bf8 27.
Rxd8 Rxd8 28. b5 a6 29. bxa6 Bxa6 30. Rb1 Bc5 31. Ng5 Rd2 32. Nfh3 Bb7 33. Ra1
Rd4 34. Ra7 Bxe4 35. Rxf7 Bf5 36. Rb7 Bxh3 37. Rb8+ Kg7 38. Nxh3 Rxh4 39. Ng5
Ra4 40. Nxe6+ Kf7 41. Nxc5 bxc5 42. Rb6 Re4 43. Rc6 Rxe5 44. g3 Re1+ 45. Kg2
Rc1 46. f4 c4 47. Kf3 c3 48. Ke2 c2 49. Kd2 Rg1 50. Rc3 Rg2+ 51. Kc1 Kf6 52.
Rxc2 Rxc2+ 53. Kxc2 Kf5 54. Kd2 Kg4 55. Ke2 Kxg3 56. Kf1 Kxf4 57. Kg2 Kg4 58.
Kh2 Kf3 59. Kh1 Kf2 60. Kh2 g5 61. Kh1 g4 62. Kh2 g3+ 63. Kh1 g2+ 0-1

[Event "XII Weekend C"]
[Site "Gorgonzola ITA"]
[Date "2007.11.11"]
[Round "2"]
[White "Delle Fave, Fabio"]
[Black "Epitome, Nando"]
[Result "1/2-1/2"]
[WhiteElo "1748"]
[BlackElo "1673"]
[PlyCount "61"]
[EventDate "2007.11.10"]

1. d4 d5 2. Nf3 Nf6 3. g3 e6 4. Bg2 Be7 5. O-O O-O 6. Nbd2 b6 7. c4 Bb7 8. e3
Nbd7 9. Qc2 Rc8 10. b3 c5 11. Qd1 cxd4 12. Nxd4 Re8 13. Bb2 e5 14. N4f3 Bc5 15.
Rc1 Qe7 16. Re1 Qd6 17. cxd5 Qxd5 18. Nh4 e4 19. Nc4 Qe6 20. Bf1 Rcd8 21. Qc2
Bd5 22. Red1 Rc8 23. Qd2 Red8 24. Ng2 g5 25. Bd4 Be7 26. Qb2 a6 27. Ne5 Nxe5
28. Bxe5 b5 29. Rc7 Ng4 30. Rxc8 Rxc8 31. Bd4 1/2-1/2

[Event "XII Weekend C"]
[Site "Gorgonzola ITA"]
[Date "2007.11.11"]
[Round "2"]
[White "Marchesotti, Giovanni"]
[Black "Magistroni, Imerio"]
[Result "1/2-1/2"]
[WhiteElo "1668"]
[BlackElo "1597"]
[PlyCount "33"]
[EventDate "2007.11.10"]

1. e4 e5 2. Nf3 Nc6 3. Bb5 f5 4. Nc3 fxe4 5. Nxe4 Nf6 6. d3 d5 7. Nxf6+ Qxf6 8.
Bg5 Qf5 9. O-O Bd6 10. Qd2 O-O 11. Rae1 Nd4 12. Nxd4 exd4 13. Be7 Bxe7 14. Rxe7
c6 15. Ba4 Qg6 16. Rfe1 b5 17. Bb3 1/2-1/2

[Event "XII Weekend C"]
[Site "Gorgonzola ITA"]
[Date "2007.11.11"]
[Round "2"]
[White "Nastasi, Maurizio"]
[Black "De Angelis, Lorenzo"]
[Result "1-0"]
[WhiteElo "1533"]
[BlackElo "1583"]
[PlyCount "75"]
[EventDate "2007.11.10"]

1. e4 e5 2. Nf3 Nf6 3. Nxe5 d6 4. Nf3 Nxe4 5. d4 Be7 6. Bd3 Nf6 7. O-O O-O 8.
Re1 Bg4 9. Nbd2 Nc6 10. c3 Re8 11. Nf1 Bf8 12. Rxe8 Qxe8 13. h3 Bh5 14. Ng3 Bg6
15. Bxg6 fxg6 16. Qd3 Qd7 17. Bg5 Re8 18. Re1 a6 19. Qd1 Qf7 20. Rxe8 Qxe8 21.
Qb3+ Kh8 22. Qxb7 Ne4 23. Qxa6 Nxg3 24. fxg3 Qe4 25. Qc8 Kg8 26. Qxc7 h6 27.
Bf4 Ne7 28. a4 Nf5 29. g4 Qxf4 30. gxf5 Qe3+ 31. Kh1 Qc1+ 32. Ng1 gxf5 33. b4
d5 34. a5 Kh7 35. a6 Bxb4 36. a7 Bxc3 37. a8=Q Qe3 38. Qxd5 1-0

[Event "XII Weekend C"]
[Site "Gorgonzola ITA"]
[Date "2007.11.11"]
[Round "2"]
[White "Riva, Carlo"]
[Black "Menato, Nazario"]
[Result "0-1"]
[WhiteElo "1571"]
[BlackElo "1535"]
[PlyCount "76"]
[EventDate "2007.11.10"]

1. d4 Nf6 2. Nf3 e6 3. c4 b6 4. e3 Bb7 5. Nc3 Be7 6. Be2 O-O 7. O-O d6 8. Nd2
Nbd7 9. Bf3 d5 10. cxd5 exd5 11. a3 a5 12. Qb3 c6 13. Qc2 Re8 14. Be2 Nf8 15.
f4 Bd6 16. Nf3 Rc8 17. Bd3 Ng4 18. Nd1 c5 19. Bf5 Nxe3 20. Bxe3 Rc7 21. dxc5
bxc5 22. Qf2 Qf6 23. Nh4 d4 24. Bd2 g6 25. Bd3 c4 26. Be2 Rxe2 27. Qxe2 Qxh4
28. Qf2 Qg4 29. h3 Qf5 30. Bxa5 Qxa5 31. Qxd4 Bc5 32. Qxc5 Qxc5+ 33. Kh1 Qd5
34. Ne3 Qd2 35. Rfe1 Re7 36. Rad1 Qxb2 37. a4 Rxe3 38. Rg1 Rxh3# 0-1

[Event "XII Weekend C"]
[Site "Gorgonzola ITA"]
[Date "2007.11.11"]
[Round "2"]
[White "Robustelli, Davide"]
[Black "Brighenti, Alessandro"]
[Result "1-0"]
[WhiteElo "1532"]
[BlackElo "1614"]
[PlyCount "59"]
[EventDate "2007.11.10"]

1. e4 e5 2. Bc4 Nf6 3. Nc3 Nc6 4. Nge2 Nxe4 5. Bxf7+ Kxf7 6. Nxe4 d5 7. N4c3
Bg4 8. O-O Bc5 9. Qe1 Re8 10. a3 Nd4 11. Qd1 Qh4 12. Nxd4 exd4 13. f3 dxc3+ 14.
d4 Bd6 15. fxg4+ Kg8 16. Bf4 cxb2 17. Rb1 Bxa3 18. Qf3 c6 19. Qxa3 Re2 20. Rxb2
Qxg4 21. Qf3 Qe6 22. Be5 Re4 23. Rxb7 Rxe5 24. dxe5 a5 25. Qg3 g6 26. Rf6 Qe8
27. Qh3 h5 28. Qg3 Kh8 29. Qg5 Kg8 30. Rxg6+ 1-0

[Event "XII Weekend C"]
[Site "Gorgonzola ITA"]
[Date "2007.11.11"]
[Round "3"]
[White "Bianchi, Paolo"]
[Black "Basilico, Davide"]
[Result "1-0"]
[WhiteElo "1619"]
[BlackElo "1698"]
[PlyCount "59"]
[EventDate "2007.11.10"]

1. d4 d5 2. Nf3 Bf5 3. e3 Nd7 4. c4 e6 5. a3 Ngf6 6. Nc3 c5 7. cxd5 exd5 8.
dxc5 Nxc5 9. b4 Nce4 10. Nxe4 Bxe4 11. Bb5+ Ke7 12. Bb2 Rc8 13. Qd4 Qc7 14. Ke2
Qb6 15. Qxb6 axb6 16. Rac1 Bxf3+ 17. Kxf3 Rxc1 18. Rxc1 Kd6 19. Bd4 Nd7 20.
Bxd7 Kxd7 21. Bxb6 Bd6 22. a4 Rf8 23. b5 f5 24. g3 g5 25. a5 f4 26. exf4 gxf4
27. Kg2 f3+ 28. Kf1 Re8 29. Rc3 Re4 30. Rxf3 1-0

[Event "XII Weekend C"]
[Site "Gorgonzola ITA"]
[Date "2007.11.11"]
[Round "3"]
[White "Brighenti, Alessandro"]
[Black "Calvi, Luca"]
[Result "1-0"]
[WhiteElo "1614"]
[BlackElo "1557"]
[PlyCount "77"]
[EventDate "2007.11.10"]

1. e4 c5 2. Nc3 e6 3. g3 d5 4. exd5 exd5 5. d4 c4 6. Bg2 Bb4 7. Qf3 Be6 8. Nge2
Nc6 9. O-O h6 10. Nxd5 Bxd5 11. Qxd5 Nf6 12. Qxc4 Ba5 13. Bxc6+ bxc6 14. Qxc6+
Nd7 15. Qe4+ Kf8 16. b3 h5 17. Ba3+ Kg8 18. Nf4 Nf6 19. Qd3 h4 20. h3 Bc7 21.
Bc1 g5 22. Ne2 hxg3 23. fxg3 Rxh3 24. Qf5 Rxg3+ 25. Kh1 Kg7 26. Nxg3 Bf4 27.
Bxf4 gxf4 28. Qg5+ Kf8 29. Rxf4 Qd5+ 30. Qxd5 Nxd5 31. Rf3 Rc8 32. c4 Nb4 33.
d5 Nc2 34. Rd1 a5 35. Rd2 Nb4 36. Rdf2 Rc7 37. Ne4 Re7 38. Nd6 Re1+ 39. Kg2 1-0

[Event "XII Weekend C"]
[Site "Gorgonzola ITA"]
[Date "2007.11.11"]
[Round "3"]
[White "Crippa, Oscar"]
[Black "Nastasi, Maurizio"]
[Result "1-0"]
[WhiteElo "1727"]
[BlackElo "1533"]
[PlyCount "55"]
[EventDate "2007.11.10"]

1. e4 g6 2. d4 Bg7 3. Nc3 c6 4. f4 d5 5. e5 Nh6 6. Nf3 O-O 7. Be2 f6 8. O-O Bg4
9. Qe1 e6 10. h3 Bxf3 11. Bxf3 fxe5 12. fxe5 Nf5 13. Ne2 Nd7 14. g4 Nh6 15. Be3
Qc7 16. Qd2 Nf7 17. Rac1 c5 18. c3 c4 19. Nf4 Ng5 20. Bg2 Rae8 21. Kh1 Nf7 22.
Rf2 Qd8 23. Rcf1 Qh4 24. Ne2 Nh6 25. Kg1 Rxf2 26. Rxf2 Rf8 27. Rxf8+ Nxf8 28.
Bg5 1-0

[Event "XII Weekend C"]
[Site "Gorgonzola ITA"]
[Date "2007.11.11"]
[Round "3"]
[White "De Angelis, Lorenzo"]
[Black "Riva, Carlo"]
[Result "0-1"]
[WhiteElo "1583"]
[BlackElo "1571"]
[PlyCount "64"]
[EventDate "2007.11.10"]

1. e4 c5 2. Nf3 d6 3. Bb5+ Bd7 4. Bxd7+ Nxd7 5. b3 Ngf6 6. d3 g6 7. Bb2 Bg7 8.
O-O O-O 9. c4 e5 10. Nc3 Nb6 11. Qc2 Nh5 12. Nd5 Nxd5 13. cxd5 f5 14. Nd2 f4
15. f3 Rc8 16. Nc4 b5 17. Na3 a6 18. Rac1 Qb6 19. Kh1 Qd8 20. Qf2 Bf6 21. Qd2
Bg7 22. Qf2 Bf6 23. Qd2 Bh4 24. Kg1 Ng3 25. Rf2 Nh5 26. Rff1 Bg3 27. Nc2 Bxh2+
28. Kxh2 Qh4+ 29. Kg1 Ng3 30. a3 Rf6 31. Ne1 g5 32. Qa5 Qh1+ 0-1

[Event "XII Weekend C"]
[Site "Gorgonzola ITA"]
[Date "2007.11.11"]
[Round "3"]
[White "Epitome, Nando"]
[Black "Madaschi, Sergio"]
[Result "1/2-1/2"]
[WhiteElo "1673"]
[BlackElo "1632"]
[PlyCount "144"]
[EventDate "2007.11.10"]

1. d4 d5 2. c4 e6 3. Nc3 Nf6 4. Nf3 Nbd7 5. a3 Be7 6. h3 O-O 7. Bf4 c6 8. e3
Re8 9. c5 b6 10. b4 bxc5 11. bxc5 Qa5 12. Qd2 Ba6 13. Bxa6 Qxa6 14. a4 Bf8 15.
Ne5 Nxe5 16. Bxe5 Nd7 17. Bg3 e5 18. dxe5 Nxe5 19. Qe2 Qxe2+ 20. Nxe2 Bxc5 21.
O-O Nc4 22. Rfd1 Bb6 23. Nc3 Ba5 24. Ne2 Rad8 25. Nd4 Rc8 26. Rab1 Bb6 27. Nb3
Re4 28. Ra1 Nb2 29. Rd2 Rxa4 30. Rxb2 Rxa1+ 31. Nxa1 c5 32. Nc2 Rd8 33. Be5 h6
34. Kf1 f6 35. Bc3 d4 36. exd4 cxd4 37. Bd2 Re8 38. Rb4 d3 39. Ne3 Ba5 40. Rb2
Bb6 41. Rb3 Rd8 42. Nc4 Bc5 43. Nb2 Bb6 44. Nxd3 Rd7 45. Ke2 Rd5 46. Be3 Bxe3
47. fxe3 Rd8 48. Rb7 Ra8 49. Kd2 a5 50. Kc2 a4 51. Nb4 Ra5 52. Kd3 Kh7 53. e4
h5 54. Nd5 Kh6 55. h4 a3 56. Rb1 Ra6 57. Ra1 g5 58. g3 Kg6 59. Ne7+ Kf7 60. Nf5
Kg6 61. Nd4 Ra5 62. Kc3 Ra4 63. Kd3 Ra5 64. Nc2 f5 65. exf5+ Kxf5 66. hxg5 Kxg5
67. Ke3 Kg4 68. Kf2 Rf5+ 69. Kg2 Rf3 70. Rxa3 Rxa3 71. Nxa3 h4 72. gxh4 Kxh4
1/2-1/2

[Event "XII Weekend C"]
[Site "Gorgonzola ITA"]
[Date "2007.11.11"]
[Round "3"]
[White "Magistroni, Imerio"]
[Black "Robustelli, Davide"]
[Result "1-0"]
[WhiteElo "1597"]
[BlackElo "1532"]
[PlyCount "199"]
[EventDate "2007.11.10"]

1. d4 d5 2. c4 c6 3. Nc3 Nf6 4. Nf3 g6 5. Bf4 Bg7 6. e3 O-O 7. h3 Re8 8. g4 e6
9. Qc2 Nbd7 10. O-O-O b5 11. cxb5 cxb5 12. Nxb5 Qa5 13. Kb1 Ba6 14. Nc3 Bxf1
15. Rhxf1 Rac8 16. Qd3 Nb6 17. Nd2 Nc4 18. Nxc4 Rxc4 19. Rc1 Rec8 20. Bd6 Nd7
21. Rc2 Qb6 22. Ba3 Bf8 23. Bxf8 Kxf8 24. Rfc1 Qb4 25. Nd1 Nb6 26. Rxc4 Nxc4
27. Ka1 Rb8 28. Qc3 Qb6 29. b3 Nd6 30. Qc5 Qa6 31. Qc6 Rb6 32. Qc2 Kg7 33. Nb2
Rb8 34. Nd3 Rc8 35. Nc5 Qa3 36. Qb2 Qa5 37. Qc3 Qd8 38. Qe1 Qh4 39. Qf1 Qf6 40.
f4 Qh4 41. Qa6 Qd8 42. Qxa7 Ra8 43. Nxe6+ Kf6 44. Nxd8 Rxa7 45. Nc6 Rb7 46. Ne5
Ke6 47. Nd3 Rb6 48. Nc5+ Ke7 49. a3 h5 50. Ka2 f5 51. g5 Ne4 52. Nxe4 fxe4 53.
Rc5 Kd6 54. b4 Rb8 55. Kb3 Rf8 56. b5 Rg8 57. a4 h4 58. Kb4 Rg7 59. Rc6+ Kd7
60. a5 Rg8 61. Kc5 Rf8 62. Kxd5 Ra8 63. Kxe4 Rxa5 64. Rxg6 Rxb5 65. Rh6 Rb8 66.
Rxh4 Re8+ 67. Kf3 Ke6 68. Rg4 Kf5 69. h4 Ra8 70. h5 Ra1 71. Rg2 Rf1+ 72. Rf2
Rh1 73. h6 Rh3+ 74. Ke2 Ke4 75. Kf1 Kxe3 76. Kg2 Rh4 77. Kg3 Rh1 78. Rh2 Rg1+
79. Kh4 Kxf4 80. h7 Rg4+ 81. Kh5 Rxg5+ 82. Kh6 Rd5 83. h8=Q Rd6+ 84. Kh7 Rd7+
85. Qg7 Rxg7+ 86. Kxg7 Ke4 87. Rh4+ Kd5 88. Kf6 Kd6 89. Rh5 Kd7 90. Ke5 Kc6 91.
d5+ Kd7 92. Rh6 Ke7 93. Rh7+ Ke8 94. Ke6 Kd8 95. Kd6 Kc8 96. Kc6 Kd8 97. Rh8+
Ke7 98. d6+ Ke6 99. d7 Ke7 100. d8=Q+ 1-0

[Event "XII Weekend C"]
[Site "Gorgonzola ITA"]
[Date "2007.11.11"]
[Round "3"]
[White "Menato, Nazario"]
[Black "Marchesotti, Giovanni"]
[Result "1/2-1/2"]
[WhiteElo "1535"]
[BlackElo "1668"]
[PlyCount "36"]
[EventDate "2007.11.10"]

1. d4 Nf6 2. c4 e6 3. Nc3 Bb4 4. Bd2 c5 5. e3 Nc6 6. a3 Bxc3 7. bxc3 d6 8. Rb1
b6 9. Bd3 Bb7 10. Nf3 Qc7 11. e4 cxd4 12. cxd4 O-O 13. Qc2 e5 14. d5 Nb8 15.
Bg5 Nbd7 16. O-O h6 17. Bc1 Nc5 18. Nh4 Rac8 1/2-1/2

[Event "XII Weekend C"]
[Site "Gorgonzola ITA"]
[Date "2007.11.11"]
[Round "3"]
[White "Valsecchi, Luca"]
[Black "Delle Fave, Fabio"]
[Result "1-0"]
[WhiteElo "1652"]
[BlackElo "1748"]
[PlyCount "79"]
[EventDate "2007.11.10"]

1. c4 Nf6 2. g3 e6 3. Bg2 d5 4. b3 g6 5. Bb2 Bg7 6. Nf3 O-O 7. O-O c5 8. cxd5
Nxd5 9. Bxg7 Kxg7 10. d4 cxd4 11. Qxd4+ Qf6 12. Qxf6+ Kxf6 13. e4 Ne7 14. e5+
Kg7 15. Nc3 Bd7 16. Nd4 Nbc6 17. Nxc6 Bxc6 18. Rad1 Rfd8 19. Ne4 b6 20. Nd6
Bxg2 21. Kxg2 Nc8 22. Nf5+ exf5 23. Rxd8 b5 24. Rc1 Nb6 25. Rxa8 Nxa8 26. Rc8
Nb6 27. Rc7 a6 28. e6 Nd5 29. Rxf7+ Kg8 30. Rd7 Nf6 31. Rd8+ Kg7 32. Ra8 Nd5
33. Rxa6 Kf6 34. a4 bxa4 35. bxa4 h5 36. Rd6 Nc3 37. a5 Ke7 38. Rc6 Nd5 39. a6
Nb4 40. a7 1-0

[Event "XII Weekend C"]
[Site "Gorgonzola ITA"]
[Date "2007.11.17"]
[Round "4"]
[White "Basilico, Davide"]
[Black "Epitome, Nando"]
[Result "1/2-1/2"]
[WhiteElo "1698"]
[BlackElo "1673"]
[PlyCount "32"]
[EventDate "2007.11.10"]

1. e4 c5 2. c3 d5 3. exd5 Qxd5 4. Nf3 Bg4 5. Be2 Nf6 6. h3 Bh5 7. d4 e6 8. O-O
Be7 9. Bf4 Nbd7 10. c4 Qc6 11. Nc3 O-O 12. Qc2 Rad8 13. Rad1 Bg6 14. Bd3 Bh5
15. Be2 Bg6 16. Bd3 Bh5 1/2-1/2

[Event "XII Weekend C"]
[Site "Gorgonzola ITA"]
[Date "2007.11.17"]
[Round "4"]
[White "Calvi, Luca"]
[Black "De Angelis, Lorenzo"]
[Result "1-0"]
[WhiteElo "1557"]
[BlackElo "1583"]
[PlyCount "65"]
[EventDate "2007.11.10"]

1. d4 d5 2. c4 c6 3. cxd5 cxd5 4. Nf3 g6 5. Nc3 Nf6 6. Bf4 a6 7. e3 Bg7 8. Be2
O-O 9. h4 Qa5 10. Ne5 Ne4 11. Qb3 Nxc3 12. bxc3 Nd7 13. Nf3 Nf6 14. O-O Qd8 15.
c4 e6 16. cxd5 Nxd5 17. Bg3 Ne7 18. Rac1 b5 19. Qa3 Nf5 20. Bxb5 Nxg3 21. fxg3
Bb7 22. Be2 Qd5 23. Rf2 Rfc8 24. Ng5 Rxc1+ 25. Qxc1 Rc8 26. Qf1 f5 27. Bxa6
Bxa6 28. Qxa6 Rc1+ 29. Kh2 e5 30. Rb2 Qc6 31. Rb8+ Bf8 32. Qa7 Qc7 33. Rxf8+
1-0